|
|
|
|
| LEADER |
00000csb a2200000 a 4500 |
| 003 |
Ucuenca |
| 005 |
20240113063556.0 |
| 008 |
008091| ||||||||r|||||||||||spa|| |
| 022 |
|
|
|a 0252-8673
|
| 040 |
|
|
|b spa
|
| 041 |
1 |
|
|a spa
|
| 082 |
0 |
|
|a 330.5
|b B192c
|
| 100 |
1 |
|
|a Soto, María
|9 203687
|
| 245 |
|
|
|a Modelo estocástico y algoritmos en línea para el problema de gestión de saldo en caja en el Banco Central del Ecuador
|c María Soto
|h imp
|
| 264 |
|
|
|a Quito
|b Banco Central del Ecuador
|c 2007
|
| 300 |
|
|
|a páginas: 99-124
|
| 362 |
|
|
|a vol. 23; no. 1
|
| 504 |
|
|
|a incl. ref.
|
| 650 |
1 |
|
|a Banco central
|9 852
|
| 650 |
1 |
|
|a Caja
|9 143843
|
| 650 |
1 |
7 |
|a Economía ecuatoriana
|9 244
|
| 650 |
1 |
|
|a Revista cuestiones economicas
|9 175164
|
| 852 |
|
|
|a UC-CDJBV
|f Donación
|l 1
|m General
|p 20080918
|r 2
|t si3662
|b 0
|d CDRC
|e CDRC
|g 330.5 B192c TERCER PISO (SECCION REVISTAS)
|z 2008-80-91
|
| 942 |
|
|
|c SERA
|
| 773 |
0 |
|
|0 104582
|9 136230
|a Banco Central del Ecuador
|d Quito Banco Central del Ecuador 2007
|o 117867
|t Cuestiones Económicas
|x 0252-8673
|
| 999 |
|
|
|c 104583
|d 104583
|